ქართული ორნამენტი = Georgian ornament / (ბიბ.ჩანაწერი № 60076)
[ მარტივი ფორმატი ]
| 000 -ლიდერი | |
|---|---|
| ფიქსირებული სიგრძის საკონტროლო ველი | 01602nam a22002297a 4500 |
| 003 - საკონტროლო ნომრის იდენტიფიკატორი | |
| საკონტროლო ველი | Ge_BSU |
| 005 - ბოლო ოპერაციის თარიღი და დრო | |
| საკონტროლო ველი | 20230605152054.0 |
| 008 - ფიქსირებული სიგრძის მონაცემთა ელემენტები - ზოგადი ინფორმაცია | |
| ფიქსირებული სიგრძის საკონტროლო ველი | 230605s2018 ge ||||| |||| 00| 0 geo d |
| 020 ## - წიგნის საერთაშორისო სტანდარტული ნომერი | |
| International Standard Book Number | 9788301203092 |
| 041 ## - ენის კოდი | |
| Language code of text/sound track or separate title | geo |
| 080 ## - უნივერსალური ათობითი კლასიფიკაციის ინდექსი | |
| Universal Decimal Classification number | 7.048(479.22) თ-41 |
| 100 ## - მთავარი ჩანაწერი - პიროვნების სახელი | |
| Personal name | თევზაია, მარინა |
| 9 (RLIN) | 18471 |
| 245 ## - ცნობა სათაურის შესახებ | |
| Title | ქართული ორნამენტი = Georgian ornament / |
| Statement of responsibility, etc | მარინა თევზაია; თარგმანი კოტე გეწაძე; ფოტო სანდრო გოგიაშვილი; დიზაინი მარინა თევზაია. |
| 264 ## - წარმოების, გამოცემის, დისტრიბუციის და სხვა ცნობები | |
| გამოცემის, წარმოების, დისტრიბუციის... ადგილი | Warszawa : |
| გამოცემის, წარმოების, დისტრიბუციის... სახელწოდება | PWN, |
| გამოცემის, წარმოების, დისტრიბუციის... თარიღი | 2018. |
| 300 ## - ფიზიკური აღწერა | |
| Extent | 183 გვ. : |
| Other physical details | ილ. ; |
| Dimensions | 27 სმ. |
| 500 ## - ზოგადი შენიშვნა | |
| General note | ჩანახატები: რ. შმერლინგი, ა. კრავჩენკო, ნ. ბრაილაშვილი [და სხვ.]. |
| 501 ## - შენიშვნა თანმხლებ მასალაზე | |
| With note | საარქივო მასალა: საქართველოს ეროვნული მუზეუმი, ხელნაწერთა ეროვნული ცენტრი, საქართველოს ხალხური და გამოყენებითი ხელოვნების სახელმწიფო მუზეუმი [და სხვ.]. |
| 653 ## - INDEX TERM--UNCONTROLLED | |
| Uncontrolled term | ქართული ორნამენტი |
| 700 ## - ADDED ENTRY--PERSONAL NAME | |
| Personal name | გეწაძე, კოტე |
| Relator term | მთარგმნელი |
| 9 (RLIN) | 18472 |
| 700 ## - ADDED ENTRY--PERSONAL NAME | |
| Personal name | გოგიაშვილი, სანდრო |
| Relator term | ფოტოგრაფი |
| 9 (RLIN) | 18473 |
| 942 ## - ADDED ENTRY ELEMENTS (KOHA) | |
| Source of classification or shelving scheme | |
| Koha item type | წიგნი |
